| 000 | 02114cam a22004334a 4500 | ||
|---|---|---|---|
| 001 | 16891588 | ||
| 005 | 20170105102844.0 | ||
| 008 | 110727s2012 nyu b 001 0 eng | ||
| 010 | _a 2011030946 | ||
| 020 | _a9781441158758 (hbk. : alk. paper) | ||
| 020 | _a1441158758 (hbk. : alk. paper) | ||
| 020 | _a9781441167590 (pbk. : alk. paper) | ||
| 020 | _a1441167595 (pbk. : alk. paper) | ||
| 035 | _a(OCoLC)ocn738381974 | ||
| 040 |
_aDLC _cDLC _dYDX _dBTCTA _dYDXCP _dRCJ _dCDX _dBDX _dBWX _dDLC |
||
| 042 | _apcc | ||
| 043 |
_aae----- _aas----- |
||
| 050 | 0 | 0 |
_aJQ1499.A58 _bF47 2012 |
| 082 | 0 | 0 |
_a320.95 _223 |
| 100 | 1 | _aFerdinand, Peter. | |
| 245 | 1 | 0 |
_aGovernance in Pacific Asia : _bpolitical economy and development from Japan to Burma / _cPeter Ferdinand. |
| 260 |
_aNew York : _bContinuum International Pub. Group, _cc2012. |
||
| 300 |
_ax, 420 p. ; _c24 cm. |
||
| 504 | _aIncludes bibliographical references (p. [379]-411) and index. | ||
| 505 | 0 | _aIntroduction -- New states, old nations and nationalism -- Political culture, social values: affinity and diversity -- Modernization strategies and multiple modernities -- Developmental states and beyond -- Industrial policies -- Agriculture -- Financial sector -- Patterns of business across Pacific Asia -- Welfare societies -- Political development and democratization -- Tribulations of democratic consolidation -- Regionalism and regionalization in Pacific Asia -- Conclusion. | |
| 650 | 0 |
_aDemocratization _zEast Asia. |
|
| 650 | 0 |
_aDemocratization _zSoutheast Asia. |
|
| 650 | 0 |
_aRegionalism _zEast Asia. |
|
| 650 | 0 |
_aRegionalism _zSoutheast Asia. |
|
| 651 | 0 |
_aEast Asia _xPolitics and government _y1945- |
|
| 651 | 0 |
_aSoutheast Asia _xPolitics and government _y1945- |
|
| 651 | 0 |
_aEast Asia _xEconomic policy. |
|
| 651 | 0 |
_aSoutheast Asia _xEconomic policy. |
|
| 651 | 0 |
_aEast Asia _xEconomic conditions. |
|
| 651 | 0 |
_aSoutheast Asia _xEconomic conditions. |
|
| 906 |
_a7 _bcbc _corignew _d1 _eecip _f20 _gy-gencatlg |
||
| 942 |
_2ddc _cBK |
||
| 999 |
_c13973 _d13973 |
||